Брахиоподы кембрийских и сулурийских отложений СССР (Запись № 8431841)

Подробности
000 -МАРКЕР
контрольное поле 01306nam2a22002531 4500
001 - ИДЕНТИФИКАТОР ЗАПИСИ
контрольное поле rc\4074174
005 - ИДЕНТИФИКАТОР ВЕРСИИ
контрольное поле 20130415153401.8
035 ## - ДРУГИЕ СИСТЕМНЫЕ НОМЕРА
Идентификатор записи (NLR Aleph) 007966400
100 ## - ДАННЫЕ ОБЩЕЙ ОБРАБОТКИ
Данные общей обработки 20130415d1937 |||y0rusy50 ca
101 0# - ЯЗЫК РЕСУРСА
Язык текста, звукозаписи и т.д. русский
102 ## - СТРАНА ПУБЛИКАЦИИ ИЛИ ПРОИЗВОДСТВА
Страна публикации Российская Федерация
105 ## - ПОЛЕ КОДИРОВАННЫХ ДАННЫХ: ТЕКСТОВЫЕ МАТЕРИАЛЫ, МОНОГРАФИЧЕСКИЕ
Кодированные данные о монографическом текстовом документе y z |||||
200 1# - ЗАГЛАВИЕ И СВЕДЕНИЯ ОБ ОТВЕТСТВЕННОСТИ
Основное заглавие Брахиоподы кембрийских и сулурийских отложений СССР
Сведения, относящиеся к заглавию Вып. 1
Первые сведения об ответственности Под ред. И.И. Горского, Г.Я. Крымгольца, Б.К. Лихарева... [и др.]
Последующие сведения об ответственности ГГУ-НКТП-СССР. Центр. науч.-исслед. геол.-разведочный ин-т
210 ## - ПУБЛИКАЦИЯ, РАСПРОСТРАНЕНИЕ И ДР.
Имя издателя, распространителя и т. д. ОНТИ. Гл. ред. горно-топлив. и геол.-развед. лит.
Дата издания, распространения и т.д. 1937
Имя изготовителя Тип. "Красный печатник" в Л.
300 ## - ОБЩИЕ ПРИМЕЧАНИЯ
Текст примечания Доб. тит. л. на англ. яз.
461 #0 - УРОВЕНЬ НАБОРА
Встроенное поле 001rc\4074172
-- 2001#$aМонографии по палеонтологии СССР$fПод ред. И.И. Горского$gМ-во геологии СССР. Всесоюз. науч.-исслед. ин-т ВСЕГЕИ. Т. 20$vТ. 35
702 #1 - ИМЯ ЛИЦА - ВТОРИЧНАЯ ОТВЕТСТВЕННОСТЬ
Начальный элемент ввода Лихарев
Часть имени, кроме начального элемента ввода Б. К.
Код отношения Редактор
702 #1 - ИМЯ ЛИЦА - ВТОРИЧНАЯ ОТВЕТСТВЕННОСТЬ
Начальный элемент ввода Крымгольц
Часть имени, кроме начального элемента ввода Г. Я.
Код отношения Редактор
801 #0 - ИСТОЧНИК ЗАПИСИ
Страна Российская Федерация
Организация NLR
Правила каталогизации psbo
801 #1 - ИСТОЧНИК ЗАПИСИ
Страна Российская Федерация
Организация ELAR
Источник данных rusmarc
852 ## - МЕСТОНАХОЖДЕНИЕ И ШИФР ХРАНЕНИЯ
Идентификатор организации NLR
Шифр хранения (Call Number) 36-20/131
942 ## - ДОПОЛНИТЕЛЬНЫЕ ЭЛЕМЕНТЫ ЗАПИСИ (АБИС)
Тип экземпляра АБИС Книга
980 ## - КОЛЛЕКЦИЯ
Название коллекции Национальная библиография
Экземпляры
Тип экземпляра Дата поступления Библиотека постоянного хранения Библиотека текущего хранения Место хранения Шифр хранения Штрих-код Статус экземпляра
Книга 26.10.2013 РНБ (Садовая) РНБ (Садовая) Русский книжный фонд -Главное здание, Ленинский читальный зал 36-20/131 7966400-10